| 000 | 00342nam a22001337a 4500 | ||
|---|---|---|---|
| 008 | 250401b |||||||| |||| 00| 0 eng d | ||
| 020 | _a9780824740825 | ||
| 040 | _a02 | ||
| 100 | _aNIESSEN,WILFRIED M.A. | ||
| 245 | _aLIQUID CHROMATOGRAPHY MASS SPECTROMETRY | ||
| 260 |
_aHYDERABAD _bTAYLOR AND FRANCIS _c2010 |
||
| 300 | _a608 | ||
| 942 | _c01 | ||
| 999 |
_c65423 _d65423 |
||